LEADER 00857nam a2200241 u 4500 001 000000065213 003 CaOOAMICUS 005 20070226121436.0 008 011203s1923 it u000 u ita u 035 $a10912402 040 $aPUL(R)$bita 100 1 $aFormichi, Carlo.$0(OLS)http://pul/name/39255 245 10$aApologia del buddhismo /$cCarlo Formichi. 246 34$aBuddhismo 260 $aRoma :$bFormíggini,$c1923. 300 $a98 p. ;$c17 cm 650 4$aBudda e buddismo.$0(OLS)http://pul/subject/10833 850 $aPUL 852 $aPUL$W1$xDP2 Filosofia 1$y62$m91 G 51$j84477$nBK-PRI$b $qStampati$B84477$CPULBib$Z2$F84477 $81 941 1 $a8 996 $6245$aApologia del buddhismo$9(OLS)http://pul/title/86788 996 $6246$aBuddhismo$9(OLS)http://pul/title/86789 996 $6260$aRoma :$bFormíggini$9(OLS)http://pul/publisher/71095 LEADER 01188nam a2200241 u 4500 001 000000084599 003 CaOOAMICUS 005 20070226124109.0 008 050712s1937 it abf u000 u ita u 035 $a11053029 040 $aPUL(R)$bita 100 1 $aTucci, Giuseppe,$d1894-1984.$0(OLS)http://pul/name/2089 245 10$aSanti e briganti nel Tibet ignoto :$b(diario della spedizione nel Tibet occidentale 1935) /$cGiuseppe Tucci. 260 $aMilano :$bU. Hoepli,$c1937. 300 $a190 p., [154] c. di tav. :$bill., c.geogr. pieg. ;$c26 cm 500 $aContiene indici. 650 4$aEsplorazioni e viaggi.$0(OLS)http://pul/subject/28574 850 $aPUL 852 $aPUL$W1$xDP1 Fondo Cecchetti$y53$m273 B 14$j107568$nBK-PRI$b $qFondi$B107568$CPULBib$Z2$F107568 $HPUL6691 $81 852 $aPUL$W1$xDP1 Fondo Cecchetti$y53$m299 F 24$j107569$nBK-PRI$b $qFondi$B107569$CPULBib$Z2$F107569 $HPUL5083 $81 941 1 $a1 996 $6245$aSanti e briganti nel Tibet ignoto :$b(diario della spedizione nel Tibet occidentale 1935)$9(OLS)http://pul/title/110010 996 $6260$aMilano :$bU. Hoepli$9(OLS)http://pul/publisher/48973